| 000 | 00394nam a22001697a 4500 | ||
|---|---|---|---|
| 005 | 20160630112011.0 | ||
| 008 | 160630b xxu||||| |||| 00| 0 eng d | ||
| 020 | _a978-93-5134-347-9 | ||
| 041 | _aeng | ||
| 082 | _b19535 | ||
| 100 |
_aRattan S S _93282 |
||
| 245 | _aTheory of Machines | ||
| 260 |
_bMc graw Hill _c2014 |
||
| 300 | _a786 | ||
| 650 |
_aDiploma Engineering _9817 |
||
| 942 | _cBK | ||
| 999 |
_c4879 _d4877 |
||